000 00941cab a2200277 4500
001 ABS53766
008 090401t1995 xxu||||| |||| 00| 0 eng d
035 _a(Sirsi) u6492
041 _aeng
100 _aJennings, P.
245 _aProblems over copyright
260 _c1995
350 _a0
490 _aEstates Gazette
_v(9540) 7 October 1995, 124-125(2)
520 _aOutlines the issues concerned with `borrowing` of design features between housebuilders in the case "Cala Homes (South) Ltd v Alfred McAlpine Homes East Ltd". Overview of the case and practical consequences for design copyright.
650 _aARCHITECTS' PLANS
650 _aBUILT ENVIRONMENT-CONSTRUCTION DESIGN
650 _aCALA HOMES (SOUTH) LTD V ALFRED MCALPINE HOMES EAST LTD
650 _aCOPYRIGHT
650 _aHOUSE DESIGN
650 _aHOUSE BUILDERS
650 _aINFRINGEMENT
690 _aHOUSING
942 _n0
948 _c04/03/1997
999 _c3893
_d3893